Medium Term Debt Management Straegy (Record no. 612)

MARC details
000 -LEADER
fixed length control field 00355nam a22001097a 4500
008 - FIXED-LENGTH DATA ELEMENTS--GENERAL INFORMATION
fixed length control field 230606b xxu||||| |||| 00| 0 eng d
082 ## - DEWEY DECIMAL CLASSIFICATION NUMBER
Classification number 339.5096762
Item number KEN
245 ## - TITLE STATEMENT
Title Medium Term Debt Management Straegy
Remainder of title 2009/10-2011/12
260 ## - PUBLICATION, DISTRIBUTION, ETC. (IMPRINT)
Place of publication, distribution, etc. Nairobi,Kenya
Name of publisher, distributor, etc. Office of the Deputy Prime Minister and Ministry of Finance
Date of publication, distribution, etc. June,2009
300 ## - PHYSICAL DESCRIPTION
Extent XI,25p
942 ## - ADDED ENTRY ELEMENTS (KOHA)
Source of classification or shelving scheme Dewey Decimal Classification
Koha item type Books
Holdings
Withdrawn status Lost status Source of classification or shelving scheme Damaged status Not for loan Home library Current library Date acquired Total Checkouts Full call number Barcode Date last seen Price effective from Koha item type
    Dewey Decimal Classification     Bunge Tower Library Bunge Tower Library 06/06/2023   339.5096762 KEN 1000357 06/06/2023 06/06/2023 Books
    Dewey Decimal Classification     Bunge Tower Library Bunge Tower Library 06/06/2023   339.5096762 KEN 1000356 06/06/2023 06/06/2023 Books
    Dewey Decimal Classification     Bunge Tower Library Bunge Tower Library 06/06/2023   339.5096762 KEN 1000355 06/06/2023 06/06/2023 Books
LIBRARY OPENING HOURS

When the Parliament is sitting: 8.00a.m - 7.00p.m or until the house adjourns
Mondays and Fridays and when the House is on Recess:  8.00a.m - 5.00p.m
Closed on Weekends and Public Holidays

Online Public Access Catalog (OPAC)
Website: http://www.parliament.go.ke
Bunge Library: https://libraryir.parliament.go.ke
Contact: library@parliament.go.ke | Tel no: (254-2)2221291 or 2848000 Ext 5043